| 000 | 00719cam a2200253 4500 | ||
|---|---|---|---|
| 001 | ABS63665 | ||
| 008 | 000000n2001 000 0 eng u | ||
| 035 | _a(Sirsi) u111832 | ||
| 245 | _aFocus 2001: Manchester offices | ||
| 260 | _c2001 | ||
| 490 |
_aEstates Gazette _v(0112) 24 March 2001, 75-120(16) |
||
| 590 | _aABS | ||
| 650 | _aMANCHESTER | ||
| 650 | _aPROPERTY-COMMERCIAL PROPERTY-OFFICE PROPERTY-OFFICE PROPERTY MARKET | ||
| 650 | _aREGENERATION | ||
| 650 | _aDEVELOPMENT | ||
| 650 | _aINVESTMENT | ||
| 650 | _aPROFESSIONAL SERVICES | ||
| 650 | _aBUSINESS PARKS | ||
| 650 | _aEUROPE | ||
| 650 | _aSTATISTICS | ||
| 690 | _aPROPERTY-COMMERCIAL PROPERTY-COMMERCIAL PROPERTY MARKET | ||
| 942 | _n0 | ||
| 999 |
_c66639 _d66639 |
||